| 000 | 00697nam a2200241Ia 4500 | ||
|---|---|---|---|
| 005 | 20250425162845.0 | ||
| 008 | 250425s9999 xx 000 0 und d | ||
| 020 | _a9780199738144 | ||
| 041 | _aeng | ||
| 082 |
_a306.4 _pDUF |
||
| 100 | _aDufour, Darna L. | ||
| 245 | 0 |
_aNutritional Anthropology: Biocultural Perspectives on Food _cDarna L. Dufour; Alan H. Goodman; Gretel H. Pelto |
|
| 250 | _a2nd. Ed. | ||
| 260 |
_aNew York _bOxford University Express _c2013 |
||
| 300 |
_a532 p. _c28 cm |
||
| 500 | _aIncluye apéndice, glosario | ||
| 650 | _aAntropología | ||
| 650 | _aNutrición | ||
| 700 | _aGoodman, Alan H. | ||
| 700 | _aPelto, Gretel H. | ||
| 942 | _c01 | ||
| 010 | _a117204 | ||
| 999 |
_c237870 _d237870 |
||